| 000 | 00721nam a22002297a 4500 | ||
|---|---|---|---|
| 001 | 32714 | ||
| 003 | AR-RoBPED | ||
| 005 | 20260507150811.0 | ||
| 008 | 260506s1987 ag a|||b |||| 000 0 spa d | ||
| 040 | _aAR-RoBPED | ||
| 041 | _aspa | ||
| 245 | 0 | 0 |
_aPor fin 6... / _cMaría Elena de Ambrosio...[et al.] |
| 260 |
_aBuenos Aires : _bMagisterio del Río de la Plata, _c1987. |
||
| 300 |
_a127 p. : _bil. col. |
||
| 650 | 4 |
_aLIBROS DE TEXTO _91459 |
|
| 650 | 4 |
_aARCHIVO INFANTIL _924464 |
|
| 650 | 4 |
_aSEXTO GRADO _91465 |
|
| 700 |
_aAmbrosio, María Elena de _930872 |
||
| 700 |
_aLascano, Gabriela _930873 _eil. |
||
| 942 |
_2udc _ak. 32714 _cBK _h372.4 _kIA _mP 78 _pinv. 42430 |
||
| 945 | _amm 06/05/2026 - lgc 07/05/2026 | ||
| 999 |
_c32714 _d32714 |
||